000 00444nam a2200157Ia 4500
008 241217s9999||||xx |||||||||||||| ||und||
020 _c0
040 _beng
_cSSK Library
_erda
082 _a510.2462/WAR
100 _a Joe Ward & Duncan Lawson
245 0 _aEngineering Mathematics Testing & Assessment Pack
260 _b Pearson Education
_c©2001
942 _2Dewey Decimal Classification
_cBOOK
_nNo
999 _c19015
_d19015
003 OSt
005 20241217112714.0